Franchises du Super Rugby. - Statistiques

Statistiques générales
  • Ce quiz a été pris 245 fois
    195 depuis la dernière actualisation
  • Le résultat moyen est 7 sur 12
Statistiques - réponses
Arrivée Franchises % Correct
1996 Crusaders
92%
1996 Blues
87%
1996 Chiefs
76%
1996 Hurricanes
66%
1996 Highlanders
63%
1996 Brumbies
61%
1996 Reds
59%
1996 Waratahs
49%
2022 Moana Pasifika
45%
2022 Fijian Drua
45%
2011 Rebels
34%
2021 Western Force
32%
Aucun quiz correspondant
Distribution des résultats
% des personnes avec chaque résultat
Percentile par nombre de réponses
Votre historique - résultats
Vous n’avez pas pris ce quiz depuis la dernière actualisation